Electrochemical engineering
Uloženo v:
| Hlavní autoři: | , , |
|---|---|
| Médium: | Kniha |
| Jazyk: | angličtina |
| Vydáno: |
Amsterdam
Elsevier
1986
|
| Vydání: | 1a. ed |
| Edice: | Chemical Engineering Monographs, 21
|
| Témata: | |
| Tagy: |
Přidat tag
Žádné tagy, Buďte první, kdo vytvoří štítek k tomuto záznamu!
|
MARC
| LEADER | 00000nam a2200000 a 4500 | ||
|---|---|---|---|
| 001 | UCG3584 | ||
| 003 | CL-VaPUC | ||
| 008 | 100909e19860000NE |||||||||||||||||eng|d | ||
| 020 | |a 0444995633v.1 | ||
| 082 | 0 | 4 | |a 660.297 |b ROU |2 21 |
| 100 | 0 | |a Rousar, Ivo |e author |9 552829 | |
| 700 | 0 | |a Micka, Karel |e author |9 552830 | |
| 700 | 0 | |a Kimla, Arnost |e author |9 552831 | |
| 245 | 1 | 0 | |a Electrochemical engineering |
| 250 | |a 1a. ed | ||
| 300 | |a v | ||
| 942 | |c BK | ||
| 945 | |d 20100909 00:00:00 |a cmena | ||
| 260 | |a Amsterdam |b Elsevier |c 1986 | ||
| 500 | |a v.1: Parts A-C | ||
| 650 | 7 | |a ELECTROQUIMICA INDUSTRIAL |2 CL-VaPUC |9 263970 | |
| 650 | 7 | |a FENOMENOS DE TRANSPORTE |2 CL-VaPUC |9 518700 | |
| 650 | 0 | |a Transferencia de calor |9 336631 | |
| 650 | 7 | |a ELECTRODOS |2 CL-VaPUC |9 306983 | |
| 583 | |a last modification |c 20100909 00:00:00 |k Rodrigo Vera | ||
| 490 | 0 | |a Chemical Engineering Monographs, 21 | |
| 999 | |c 342637 |d 342635 | ||
| 952 | |0 0 |1 0 |4 0 |6 660_297000000000000_ROU_1986 |7 0 |8 A |9 439040 |a BIBING |b BIBING |d 2019-11-22 |h v.1 |i 4718364 |o 660.297 ROU 1986 |p 4718364 |r 2025-01-20 |w 2019-11-22 |y BK |k EIQ | ||